Statystyki dla Państwa w Unii Europejskiej

Kliknij tutaj aby rozwiązać quiz!

Ogólne statystyki

  • Ten quiz został rozwiązany 1 891 razy
  • Średni wynik to 19 z 27

Statystyki odpowiedzi

Kraj% Poprawnych
Polska
99%
Niemcy
95%
Francja
90%
Hiszpania
89%
Czechy
85%
Portugalia
81%
Słowacja
81%
Litwa
79%
Szwecja
79%
Włochy
78%
Belgia
76%
Łotwa
75%
Estonia
73%
Holandia
73%
Finlandia
71%
Chorwacja
70%
Słowenia
66%
Austria
65%
Grecja
64%
Węgry
64%
Dania
60%
Rumunia
55%
Bułgaria
53%
Irlandia
51%
Luksemburg
49%
Cypr
31%
Malta
29%

Rozkład punktacji

Percentyl według liczby udzielonych odpowiedzi

Procent ludzi z każdym wynikiem

Twoja historia wyników

Nie rozwiązałeś tego quizu